Cognitive aspects of human-computer interaction for geographic information systems

Αποθηκεύτηκε σε:
Λεπτομέρειες βιβλιογραφικής εγγραφής
Συγγραφή απο Οργανισμό/Αρχή: NATO Advanced Research Workshop on Cognitive Aspects of Human-Computer Interaction for Geographic Information Systems
Άλλοι συγγραφείς: Nyerges, Timothy L. (Επιμελητής έκδοσης)
Μορφή: Πρακτικό Συνεδρίου Βιβλίο
Γλώσσα:English
Δημοσίευση: Dordrecht : Kluwer Academic Publishers, 1995
Σειρά:NATO ASI series. Behavioural and social sciences ; ; 83; Series D
Θέματα:
Ετικέτες: Προσθήκη ετικέτας
Δεν υπάρχουν, Καταχωρήστε ετικέτα πρώτοι!

MARC

LEADER 00000cam a2200000 i 4500
001 1/89829
008 990915s1995 eng d
020 |a 0-7923-3595-3 
035 |l 10052893 
040 |a GR-MY-UA  |b gre  |e aacr 
041 0 |a eng 
082 0 |a 910.285 
245 0 0 |a Cognitive aspects of human-computer interaction for geographic information systems /  |c edited by Timothy L. Nyerges...[et al.] 
260 |a Dordrecht :   |b Kluwer Academic Publishers,   |c 1995 
300 |a 435 p. 
490 1 |a NATO ASI series. Behavioural and social sciences  |v ; 83; Series D 
500 |a Procedings of the NATO Advanced Research Workshop on Cognitive Aspects of Hiuman-Computer Interaction for Geographic Information Systems, Palma de Mallorca, Spain, MArch 20-15, 1994 
650 0 0 |a Geographic information systems  |v Congresses. 
650 0 0 |a Human-computer interaction  |x Congresses. 
700 1 |a Nyerges, Timothy L.  |e edt 
711 2 |a NATO Advanced Research Workshop on Cognitive Aspects of Human-Computer Interaction for Geographic Information Systems   |d (1994 :   |c Palma de Mallorca, Spain) 
830 0 |a NATO ASI series.   |n Series D,   |p Behavioural and social sciences ;  |v ; 83; Series D 
852 |a INST  |b LESVOS  |e 19990915  |h 910.285 NAT  |p 005100019161  |q 005100019161  |t BK  |y 0 
901 |a BIBL1-1999-3 
909 |a Λ  |b 066425 
922 |a 1ΕΛΗ  |b 199906  |c ΚΠΣ/ΤΓ  |d 199906 
950 |a 118-1998-07-21 
970 |a ΚΑΜΑΤΣΟΥ  |b ΔΕΣΠΟΙΝΑ  |z 1999/10/07